000 00428nab a2200145Ia 4500
003 ES-SlBCS
005 20210601124329.0
008 140529s1982 xxu||||| |||| 00| 0 eng d
041 _aeng
100 1 _aMccormick, Richard
_956639
245 0 0 _aTheology and Biomedical Ethics
_c Richard Mccormick
650 0 4 _aBioética-Teología
_9139879
773 0 _tEglise et Theologie
_gvol. 13, 1982, págs. 311-331
_wRev1437
942 _cAR
999 _c513055
_d513055